000 00488nam a2200169Ia 4500
008 230917s9999||||xx |||||||||||||| ||und||
020 _cGBP77.99
040 _e250333
_aMAIN
041 _aEnglish
082 _a551 K282N(4)
100 _aKeller, Edward A
245 0 _aNatural hazards: Earth's processes as hazards, disasters and catastrophes
260 _aOxon
_bRoutledge
_c2016
300 _axx, 554 p.
500 _a3283 04/10/2018 HBD18/7504 04/10/2018 Main Budget
942 _cBK
999 _c28423
_d28423